Signs & symbols / (Record no. 428)

MARC details
000 -LEADER
fixed length control field 01874cam a2200349 a 4500
005 - DATE AND TIME OF LATEST TRANSACTION
control field 20260322212019.0
008 - FIXED-LENGTH DATA ELEMENTS--GENERAL INFORMATION
fixed length control field data
010 ## - LIBRARY OF CONGRESS CONTROL NUMBER
LC control number 2008298188
020 ## - INTERNATIONAL STANDARD BOOK NUMBER
International Standard Book Number 9780756633936
020 ## - INTERNATIONAL STANDARD BOOK NUMBER
International Standard Book Number 0756633931
040 ## - CATALOGING SOURCE
Original cataloging agency DLC
Transcribing agency DLC
Modifying agency DLC
050 00 - LIBRARY OF CONGRESS CALL NUMBER
Classification number AZ108
Item number .S54 2008
092 ## - LOCALLY ASSIGNED DEWEY CALL NUMBER (OCLC)
Classification number 302.2 S54 2008
001 - CONTROL NUMBER
control field data
245 10 - TITLE STATEMENT
Title Signs & symbols /
Statement of responsibility, etc. Kim Dennis-Bryan, Nicola Hodgson & Neil Lockley.
246 3# - VARYING FORM OF TITLE
Title proper/short title Signs and symbols
260 ## - PUBLICATION, DISTRIBUTION, ETC.
Place of publication, distribution, etc. New York :
-- New York :
Name of publisher, distributor, etc. DK Pub.,
Date of publication, distribution, etc. 2008.
300 ## - PHYSICAL DESCRIPTION
Extent 352 p. :
Other physical details ill. (chiefly col.) ;
Dimensions 25 cm.
500 ## - GENERAL NOTE
General note "An illustrated guide to their origins and meanings"--Cover.
504 ## - BIBLIOGRAPHY, ETC. NOTE
Bibliography, etc. note Includes bibliographical references (p. 344-345) and index.
505 0# - FORMATTED CONTENTS NOTE
Formatted contents note The cosmos -- Natural world -- Human life -- Myths & religions -- Society & culture -- Symbol systems.
520 ## - SUMMARY, ETC.
Summary, etc. From simple shapes and colors to gods, mythical beasts, sacred rituals, and global branding, over 2,000 signs and symbols are explained through text, illustrations, and photography. Grouped thematically and comprehensively cross-referenced. Includes the physical world, animals, plants, humans, colors, shapes, patterns, numbers, picture writing, alphabets, international signs, professional signs, brands and logos, heraldic emblems, national flags, sign languages and signals, and symbolic gestures.
650 #0 - SUBJECT ADDED ENTRY--TOPICAL TERM
Topical term or geographic name entry element Signs and symbols.
650 #0 - SUBJECT ADDED ENTRY--TOPICAL TERM
Topical term or geographic name entry element Signs and symbols
General subdivision History.
650 #0 - SUBJECT ADDED ENTRY--TOPICAL TERM
Topical term or geographic name entry element Signs and symbols
General subdivision Mythology.
700 1# - ADDED ENTRY--PERSONAL NAME
Personal name Dennis-Bryan, Kim.
700 1# - ADDED ENTRY--PERSONAL NAME
Personal name Hodgson, Nicola.
700 1# - ADDED ENTRY--PERSONAL NAME
Personal name Lockley, Neil.
906 ## - LOCAL DATA ELEMENT F, LDF (RLIN)
a 7
b cbc
c origres
d 2
e ncip
f 20
g y-gencatlg
925 0# -
-- acquire
-- 2 shelf copies
-- policy default
955 ## - COPY-LEVEL INFORMATION (RLIN)
-- lk50 2008-08-12
-- lk50 2008-08-12 to Dewey;
Holdings
Withdrawn status Lost status Damaged status Not for loan Home library Current library Shelving location Date acquired Total checkouts Full call number Barcode Date last seen Price effective from Koha item type
        Franklin Franklin General stacks 22/03/2026   AZ108 .S54 2008 BC0010439 22/03/2026 22/03/2026 Books